Desafíos a la formación de los futuros directivos públicos del siglo XXI /
Zapisane w:
| 1. autor: | |
|---|---|
| Kolejni autorzy: | , |
| Format: | Texto |
| Etykiety: |
Dodaj etykietę
Nie ma etykietki, Dołącz pierwszą etykiete!
|
MARC
| LEADER | 00000 a a2200000 04500 | ||
|---|---|---|---|
| 001 | 46574 | ||
| 003 | |||
| 040 | |||
| 100 | |a Figueroa-Huencho, Verónica de Lourdes | ||
| 245 | |a Desafíos a la formación de los futuros directivos públicos del siglo XXI / |c Verónica de Lourdes Figueroa-Huencho, Cristian Humberto Pliscoff-Varas, Juan Pablo Araya-Orellana | ||
| 700 | |a Pliscoff-Varas, Cristian Humberto | ||
| 700 | |a Araya-Orellana, Juan Pablo | ||
| 773 | |g volumen21, número64 (2014), páginas 207-234 | ||
| 999 | |c 39811 |d 39811 | ||
